El tratamiento de los temas económicos y sociales en los informes del IPCC /

Wedi'i Gadw mewn:
Manylion Llyfryddiaeth
Prif Awdur: Vega Navarro, Angel de la
Fformat: Texto
Tagiau: Ychwanegu Tag
Dim Tagiau, Byddwch y cyntaf i dagio'r cofnod hwn!

MARC

LEADER 00000 a a2200000 04500
001 47741
003
040
100 |a Vega Navarro, Angel de la  
245 |a El tratamiento de los temas económicos y sociales en los informes del IPCC /  |c Angel de la Vega Navarro  
773 |g número387, (2014), páginas 3-20  
999 |c 31219  |d 31219